[Event "TCh-NED Meesterklasse 2010-11"]
[Site "Netherlands NED"]
[Date "2011.01.08"]
[Round "5.5"]
[White "Kikkert,R"]
[Black "Hoeksema,E"]
[Result "1/2-1/2"]
[WhiteElo "2289"]
[BlackElo "2312"]

1.d4 Nf6 2.c4 e6 3.Nc3 Bb4 4.Qc2 O-O 5.a3 Bxc3+ 6.Qxc3 b6 7.Bg5 Bb7 8.f3 d5
9.e3 Nbd7 10.cxd5 exd5 11.Bd3 c5 12.Ne2 Re8 13.Bh4 Qe7 14.Bf2 a5 15.O-O Ba6
16.Bxa6 Rxa6 17.Ng3 b5 18.Rfe1 Qf8 19.e4 cxd4 20.Qxd4 dxe4 21.Nxe4 Rae6 22.Nxf6+  1/2-1/2

[Event "9th Parsvnath Open"]
[Site "New Delhi IND"]
[Date "2011.01.08"]
[Round "2.17"]
[White "Chatterjee,D"]
[Black "Danielsen,Hen"]
[Result "0-1"]
[WhiteElo "2312"]
[BlackElo "2519"]

1.d4 Nf6 2.c4 e6 3.Nc3 Bb4 4.Qc2 O-O 5.a3 Bxc3+ 6.Qxc3 b6 7.Bg5 Ba6 8.Qf3 Nc6
9.e3 h6 10.Bh4 Bb7 11.Qd1 Ne7 12.Bxf6 gxf6 13.Qh5 Kg7 14.Bd3 f5 15.Nf3 Ng6
16.d5 b5 17.dxe6 dxe6 18.O-O-O Qf6 19.cxb5 a6 20.bxa6 Bxa6 21.Rhe1 c5 22.Bxa6 Rxa6
23.g4 fxg4 24.Qxg4 Rxa3 25.Qg3 Rfa8 26.Re2 Rb3 27.Rc2 Ra1+ 28.Kd2 Qd8+  0-1

[Event "118th ch-NZL 2011"]
[Site "Auckland NZL"]
[Date "2011.01.09"]
[Round "8.7"]
[White "Barlow,M"]
[Black "Stuart,P"]
[Result "1/2-1/2"]
[WhiteElo "2140"]
[BlackElo "2025"]

1.d4 Nf6 2.c4 e6 3.Nc3 Bb4 4.Qc2 O-O 5.Nf3 b6 6.Bg5 h6 7.Bh4 Bb7 8.Nd2 d5
9.cxd5 exd5 10.e3 Nbd7 11.Be2 c6 12.O-O Bd6 13.Rac1 Rc8 14.Nf3 Qc7 15.Bd3 Qb8
16.Bf5 Rce8 17.Rfd1 g5 18.Bg3 Bxg3 19.hxg3 Qd6 20.Qa4 Ra8 21.Bd3 a5 22.Qb3 b5
23.Qc2 Rfe8 24.Bf5 Kg7 25.Ne1 Rab8 26.Nd3 Ba8 27.Ne2 Bb7 28.Bxd7 Nxd7 29.Nc5 Nxc5
30.Qxc5 Qxc5 31.Rxc5 a4 32.Nc1 Rbd8 33.Nd3 Rd6 34.Rdc1 Kf8 35.Ne5 Rc8 36.Kf1 f6
37.Nd3 Ke7 38.Ke2 f5 39.Rh1 Rf8 40.Rcc1 Rff6 41.Kd2 Kd8 42.Kc3 Kc7 43.Kb4 Kb6
44.Ne5  1/2-1/2

[Event "68th ch-GEO w"]
[Site "Anaklia GEO"]
[Date "2011.01.10"]
[Round "1.4"]
[White "Danelia,M"]
[Black "Arabidze,M"]
[Result "1-0"]
[WhiteElo "2248"]
[BlackElo "2315"]

1.d4 Nf6 2.c4 e6 3.Nc3 Bb4 4.Qc2 O-O 5.a3 Bxc3+ 6.Qxc3 b6 7.Bg5 Bb7 8.e3 d6
9.Ne2 Nbd7 10.Qc2 c5 11.Rd1 cxd4 12.Rxd4 Qe7 13.Nc3 h6 14.Bh4 Rad8 15.f3 d5
16.cxd5 exd5 17.Bf2 Ne5 18.Be2 a6 19.O-O b5 20.Rfd1 Rfe8 21.Qd2 Rc8 22.Bh4 Ned7
23.e4 Qc5 24.Bf2 dxe4 25.Nxe4 Bxe4 26.Rxd7 Qc2 27.Rd6 Qxd2 28.R6xd2 Bc2 29.Rc1 Bb3
30.Rxc8 Rxc8 31.Bd4 Nd5 32.Kf2 Nf4 33.Bf1 Ne6 34.Bc3 Rc6 35.Bd3 Nc5 36.Bf5 Kf8
37.Bb4 Ke7 38.Be4 Rc7 39.Bd5 Ba4 40.b3  1-0

[Event "9th Parsvnath Open"]
[Site "New Delhi IND"]
[Date "2011.01.10"]
[Round "4.22"]
[White "Bhagwat,V"]
[Black "Nabaty,T"]
[Result "1/2-1/2"]
[WhiteElo "2162"]
[BlackElo "2565"]

1.d4 Nf6 2.c4 e6 3.Nc3 Bb4 4.Qc2 O-O 5.e4 d6 6.a3 Bxc3+ 7.bxc3 e5 8.Bd3 Nc6
9.Ne2 h6 10.O-O b6 11.f4 Ba6 12.Rf3 Na5 13.Ng3 Bxc4 14.Bxc4 Nxc4 15.fxe5 dxe5
16.Nf5 Kh8 17.Nxg7 Kxg7 18.Bxh6+ Kxh6 19.Qc1+ Kg6 20.Rg3+ Ng4 21.Rxg4+ Kh7
22.Rg3 Qf6 23.Rf3 Qe6 24.Rh3+ Kg7 25.Rg3+ Kh7 26.Rh3+ Kg7 27.Rg3+  1/2-1/2

[Event "B1 Masters"]
[Site "Marianske Lazne CZE"]
[Date "2011.01.15"]
[Round "1"]
[White "Matras,On"]
[Black "Bulmaga,I"]
[Result "1-0"]
[WhiteElo "2322"]
[BlackElo "2260"]

1.d4 Nf6 2.c4 e6 3.Nc3 Bb4 4.Qc2 O-O 5.a3 Bxc3+ 6.Qxc3 d5 7.Nf3 dxc4 8.Qxc4 b6
9.Bg5 Ba6 10.Bxf6 gxf6 11.Qc2 c5 12.Rd1 cxd4 13.Rxd4 Qc8 14.Qd2 e5 15.Nxe5 Qe6
16.Ng4 Nc6 17.Qh6 Nxd4 18.Nxf6+ Qxf6 19.Qxf6 Nxe2 20.Bxe2 Rae8 21.O-O Rxe2
22.Rd1 Re6 23.Qg5+ Rg6 24.Qf4 Bb7 25.f3 Bc6 26.h4 Re8 27.h5 Rg7 28.Rd6  1-0

[Event "73rd Tata Steel GMC"]
[Site "Wijk aan Zee NED"]
[Date "2011.01.17"]
[Round "3"]
[White "Ivanisevic,I"]
[Black "Van der Werf,M"]
[Result "1/2-1/2"]
[WhiteElo "2630"]
[BlackElo "2439"]

1.d4 Nf6 2.c4 e6 3.Nc3 Bb4 4.Qc2 O-O 5.e4 d5 6.e5 Ne4 7.Bd3 c5 8.Ne2 Nc6
9.O-O cxd4 10.cxd5 exd5 11.Nxd5 Qxd5 12.Bxe4 Qxe5 13.a3 Ba5 14.Bxh7+ Kh8
15.Bf4 Qf6 16.Be4 Bg4 17.Bg3 Rac8 18.Nf4 Rfe8 19.h3 Bd7 20.Qd3 Kg8 21.b4 Bd8
22.Nd5 Qh6 23.Rae1 Bf6 24.Nxf6+ Qxf6 25.Rd1 a6 26.Rfe1 Re7 27.Kh2 Rce8 28.f3 Bc8
29.h4 Bd7 30.Bf2 Bc8 31.Rc1 Bd7 32.Rc5 Re5 33.Rxe5 Rxe5 34.Bg3 Rh5 35.Kg1 g5
36.Bxc6 Bxc6 37.Re5 Qd8 38.hxg5 Bb5 39.Qe4 d3 40.Rd5 Qb6+ 41.Bf2 Qc7 42.Be3 Bc6
43.Qe5 Qxe5 44.Rxe5 Rh4 45.Bd2 Rc4 46.Re3 Rd4 47.Kf2 Rd8 48.Re5 Re8 49.Rxe8+ Bxe8
50.Ke3 Bb5 51.Kd4 Kg7 52.Ke5 Bc6 53.Kd6 Kg6 54.Kc7 Kh5 55.Bf4 Kg6 56.Kb6 Kf5
57.Bd2 Ke5 58.a4 Bxa4 59.Kxb7 Bb5 60.Kc7 Ke6 61.g4 Ke5 62.Kd8 Bc6 63.f4+ Ke4
64.Ke7 Bd5 65.f5 Kf3 66.Kd6  1/2-1/2

[Event "68th ch-GEO w"]
[Site "Anaklia GEO"]
[Date "2011.01.19"]
[Round "9"]
[White "Purtseladze,M"]
[Black "Khukhashvili,S"]
[Result "1/2-1/2"]
[WhiteElo "2323"]
[BlackElo "2437"]

1.d4 Nf6 2.c4 e6 3.Nc3 Bb4 4.Qc2 O-O 5.a3 Bxc3+ 6.Qxc3 d6 7.f3 b6 8.Bg5 Nbd7
9.e4 c5 10.Nh3 Ba6 11.Rd1 h6 12.Be3 e5 13.dxe5 dxe5 14.Bd3 Qc7 15.O-O Rad8
16.Bc2 Nb8 17.Ba4 Bc8 18.Nf2 Bd7 19.Bxd7 Nfxd7 20.Rd5 Nc6 21.b4 Nd4 22.Bxd4 cxd4
23.Qb3 Rc8 24.Nd3 Nf6 25.Rxe5 Qxc4 26.Qxc4 Rxc4 27.Rd1 Rfc8 28.Re7 a5 29.Rb7 R4c6
30.bxa5 bxa5 31.Ra7 Rc2 32.Rxa5 Ra2 33.Ne1 g6 34.Ra4 d3 35.Rd4 Rb8 36.Nxd3 Rxa3
37.Nf4 Rb5 38.R1d2 Kg7 39.Rc4 Ra7 40.Kf2 Rab7 41.h4 h5 42.Rcd4 Ra5 43.Nh3 Nh7
44.Rd7 Rxd7 45.Rxd7 Ra2+ 46.Kg3 Nf8 47.Rd5 Ne6 48.Ng1 Kf6 49.Nh3 Re2 50.Rd1 Ra2
51.Rf1 Ra3 52.Rf2 Kg7 53.Rd2 Kf6 54.Nf2 Ra7 55.Nd1 Ra3 56.Kf2 Ra1 57.Ne3 Ra5
58.g3 Kg7 59.Nc4 Ra4 60.Ne5 Kf6 61.Nd7+ Ke7 62.Rd3 Ra7 63.Ne5 Kf6 64.f4 Nc5
65.Re3 Ra2+ 66.Kf3 Ra4 67.g4 hxg4+ 68.Nxg4+ Ke7 69.f5 Nd7 70.Kf4 Nf6 71.Nxf6 Kxf6
72.fxg6 fxg6 73.Rf3 Ra5 74.Rb3 Ra6 75.Rb5 Rc6 76.Rb7 Ra6 77.Rb5 Rc6 78.Ra5 Rb6
79.h5 gxh5 80.Rxh5 Rb1 81.Rh6+ Ke7 82.Kf5 Re1 83.Ke5 Ra1 84.Rh7+ Ke8 85.Rh8+ Ke7
86.Rh7+ Ke8 87.Rc7 Kd8 88.Rb7 Ke8 89.Kf6 Ra6+ 90.Kf5 Ra5+ 91.e5 Ra6 92.Rb8+ Ke7
93.Rh8 Rb6 94.Ra8 Rc6 95.Ra7+ Ke8 96.Ke4 Rb6 97.Kd5 Rh6 98.Ke4  1/2-1/2

[Event "68th ch-GEO w"]
[Site "Anaklia GEO"]
[Date "2011.01.20"]
[Round "10"]
[White "Khurtsidze,N"]
[Black "Melia,S"]
[Result "1/2-1/2"]
[WhiteElo "2436"]
[BlackElo "2449"]

1.d4 Nf6 2.c4 e6 3.Nc3 Bb4 4.Qc2 O-O 5.a3 Bxc3+ 6.Qxc3 b6 7.Nf3 Bb7 8.e3 d6
9.Be2 Nbd7 10.b3 Ne4 11.Qc2 c5 12.Bb2 Rc8 13.O-O cxd4 14.Nxd4 e5 15.Bf3 Ndc5
16.Nb5 a6 17.Nc3 Nxc3 18.Bxb7 Nxb7 19.Bxc3 Qc7 20.Rac1 Qc6 21.Rfd1 b5 22.cxb5 Qxb5
23.a4 Qb6 24.b4 Rfd8 25.Bd4 Rxc2 26.Bxb6 Rdc8 27.Rxc2 Rxc2 28.h3 Kf8 29.a5 Ke7
30.Ra1 Rc8 31.e4 Nd8 32.f3 Nc6 33.Rb1 Nd4 34.Bxd4 exd4 35.Kf1 Rc2 36.Rb3 Kd7
37.b5 axb5 38.Rxb5 Ra2 39.Rd5 Ke6 40.f4 d3 41.f5+ Ke7 42.g4 Ra4 43.Kf2 Rxe4
44.Rxd3 Ra4 45.Rd5 Ra2+ 46.Ke3 Ra4 47.Kd3 Kd7 48.Rb5 Kc6 49.Rb6+ Kd5 50.Rb7 Rxa5
51.Rxf7 Ra3+ 52.Ke2 Rxh3 53.Rxg7 Ke5 54.Kf2 Kf6 55.Rd7 Kg5 56.Kg2 Rh4 57.Kf3 Rh3+
58.Ke4 d5+ 59.Kxd5 Rd3+ 60.Ke6 Rxd7 61.Kxd7 Kf6 62.Ke8 h5 63.gxh5 Kxf5 64.Kf7 Kg5  1/2-1/2

[Event "3rd Chennai Open"]
[Site "Chennai IND"]
[Date "2011.01.20"]
[Round "4"]
[White "Ravi,TeS"]
[Black "Grover,S"]
[Result "0-1"]
[WhiteElo "2150"]
[BlackElo "2462"]

1.d4 e6 2.c4 Nf6 3.Nc3 Bb4 4.Qc2 O-O 5.a3 Bxc3+ 6.Qxc3 Qe8 7.g3 a5 8.b3 d6
9.Bg2 Nbd7 10.Nf3 Ne4 11.Qc2 f5 12.Nd2 Nxd2 13.Bxd2 e5 14.dxe5 dxe5 15.Bc3 Qe7
16.O-O f4 17.Qe4 Ra6 18.b4 Rh6 19.e3 fxg3 20.fxg3 Rxf1+ 21.Rxf1 c6 22.Rf2 Rf6
23.Rxf6 gxf6 24.Bf1 Nf8 25.Bd3 Be6 26.Qh4 Qd7 27.Be2 Kg7 28.g4 Ng6 29.Qg3 Qf7
30.g5 Bxc4 31.Bh5 fxg5 32.Qxe5+ Kh6  0-1

[Event "Marienbad Open"]
[Site "Marianske Lazne CZE"]
[Date "2011.01.20"]
[Round "7"]
[White "Yakimenko,Alex"]
[Black "Chudinovskikh,A"]
[Result "1/2-1/2"]
[WhiteElo "2207"]
[BlackElo "2286"]

1.d4 Nf6 2.c4 e6 3.Nc3 Bb4 4.Qc2 O-O 5.a3 Bxc3+ 6.Qxc3 d5 7.Bg5 dxc4 8.Qxc4 b6
9.Nf3 Ba6 10.Qa4 Qd7 11.Qc2 c5 12.Bxf6 gxf6 13.O-O-O Rc8  1/2-1/2

[Event "68th ch-GEO w"]
[Site "Anaklia GEO"]
[Date "2011.01.22"]
[Round "12"]
[White "Danelia,M"]
[Black "Purtseladze,M"]
[Result "1/2-1/2"]
[WhiteElo "2248"]
[BlackElo "2323"]

1.d4 Nf6 2.c4 e6 3.Nc3 Bb4 4.Qc2 O-O 5.a3 Bxc3+ 6.Qxc3 b5 7.cxb5 c6 8.bxc6 Nxc6
9.Bg5 a5 10.e3 Qb6 11.Bxf6 gxf6 12.Bd3 Ba6 13.Nf3 Rfc8 14.Qd2 a4 15.O-O Na5
16.Rab1 Nb3 17.Qe2 d5 18.Rfd1 Bxd3 19.Qxd3 Qc6 20.h4 Rab8 21.h5 Kh8 22.g3 Qc4
23.h6 Kg8 24.Kg2 Qxd3 25.Rxd3 f5 26.Ne5 Rb7 27.Rc3 Rxc3 28.bxc3 f6 29.Nd3 Kf7
30.Rb2 Kg6 31.Nf4+ Kf7 32.Nd3 Kg6 33.Nf4+ Kf7 34.Nd3 Kg6  1/2-1/2

[Event "TCh-AUT 2010-11"]
[Site "Graz AUT"]
[Date "2011.01.22"]
[Round "6.5"]
[White "Turov,M"]
[Black "Tabernig,B"]
[Result "1-0"]
[WhiteElo "2645"]
[BlackElo "2306"]

1.d4 Nf6 2.c4 e6 3.Nc3 Bb4 4.Qc2 O-O 5.Bg5 h6 6.Bh4 c5 7.e3 b6 8.Bd3 Bb7
9.Ne2 cxd4 10.exd4 d5 11.cxd5 exd5 12.O-O Nbd7 13.Rfe1 Rc8 14.Qa4 a5 15.Bb5 Nb8
16.a3 Bd6 17.f3 g5 18.Bg3 Nh5 19.Qc2 Nxg3 20.Nxg3 Bxg3 21.hxg3 Qf6 22.Re5 Bc6
23.Qe2 Rfd8 24.Rd1 Kg7 25.Bxc6 Qxc6 26.f4 Nd7 27.Rxd5 Re8 28.Qb5 Nf6 29.Qxc6 Rxc6
30.Re5 gxf4 31.Rxe8 Nxe8 32.d5 Rg6 33.Nb5 Rxg3 34.d6 Nf6 35.d7 Nxd7 36.Rxd7 Rb3
37.Nd6 Kf6 38.Ne8+ Ke5 39.Rd2 b5 40.Kf2 h5 41.Nd6 f6 42.Nb7 a4 43.Na5 Rg3
44.Nc6+ Ke4 45.Rd4+ Kf5 46.Rb4 Rd3 47.Nd4+ Kg4 48.Ne2  1-0

[Event "TCh-NOR Attack-serien 2010-11"]
[Site "Oslo NOR"]
[Date "2011.01.22"]
[Round "5"]
[White "Tjomsland,S"]
[Black "Kockum,A"]
[Result "1-0"]
[WhiteElo "2347"]
[BlackElo "2322"]

1.d4 e6 2.c4 Nf6 3.Nc3 Bb4 4.Qc2 O-O 5.a3 Bxc3+ 6.Qxc3 b6 7.Bg5 Ba6 8.e3 d6
9.Bd3 Nbd7 10.Ne2 Rc8 11.Qc2 h6 12.Bh4 c5 13.Qa4 cxd4 14.exd4 Bb7 15.O-O Qc7
16.Rac1 Rfe8 17.f3 Qb8 18.b4 a5 19.Bg3 e5 20.Bf5 Bc6 21.b5 Bb7 22.c5 bxc5
23.dxe5 dxe5 24.Qxa5 Qa8 25.Qxa8 Rxa8 26.Ra1 Nb6 27.Nc3 Nc4 28.Rfe1 Rxa3
29.Rxa3 Nxa3 30.Rxe5 Rxe5 31.Bxe5 Nd5 32.Nxd5 Bxd5 33.b6 Nc4 34.Bc7 Na5 35.Kf2 f6
36.Bg6 Nb7 37.Ke3 Kf8 38.Be4 Bxe4 39.Kxe4 Ke7 40.Kd5 Kd7 41.g4 g6 42.Bf4 c4
43.Kxc4 Kc6 44.Bc7 Nc5 45.Bf4 Nd7 46.b7 Kxb7 47.Kd5 h5 48.Kd6 Kc8 49.Ke7 hxg4
50.fxg4 g5 51.Bg3 Ne5 52.h3 Nf3 53.Bf2 Nd2 54.Bd4 Nf3 55.Bxf6 Kc7 56.Kf7 Kd6
57.Kg6 Kd5 58.Bxg5 Ke4 59.Bd8 Nd4 60.Bc7 Nf3 61.Kf6 Ng1 62.h4 Ne2 63.Be5  1-0

[Event "3rd Chennai Open"]
[Site "Chennai IND"]
[Date "2011.01.23"]
[Round "8"]
[White "Chatterjee,D"]
[Black "Vijayalakshmi,S"]
[Result "0-1"]
[WhiteElo "2312"]
[BlackElo "2454"]

1.d4 Nf6 2.c4 e6 3.Nc3 Bb4 4.Qc2 O-O 5.a3 Bxc3+ 6.Qxc3 b6 7.Bg5 Bb7 8.f3 d6
9.e3 Nbd7 10.Bd3 Rc8 11.Ne2 c5 12.O-O h6 13.Bh4 cxd4 14.Qxd4 Ne5 15.Nc3 g5
16.Be2 Nc6 17.Qd2 gxh4 18.e4 Kg7 19.Rad1 Ba6 20.f4 e5 21.fxe5 dxe5 22.Nd5 Nxd5  0-1

[Event "ch-BLR w"]
[Site "Minsk BLR"]
[Date "2011.01.23"]
[Round "8.3"]
[White "Morgaenko,E BLR"]
[Black "Ziaziulkina,N"]
[Result "1/2-1/2"]
[WhiteElo "1828"]
[BlackElo "2301"]

1.d4 Nf6 2.c4 e6 3.Nc3 Bb4 4.Qc2 O-O 5.e4 d5 6.e5 Ne4 7.a3 Bxc3+ 8.bxc3 c5
9.Nf3 Qa5 10.Bd2 Nxd2 11.Qxd2 dxc4 12.Bxc4 Rd8 13.O-O Nc6 14.Rfd1 h6 15.Qe3 cxd4
16.cxd4 Ne7 17.Qe4 Rb8 18.Bd3 Ng6 19.Qg4 Ne7 20.Qe4 Ng6 21.Qg4 Nf8 22.Nd2 Qa4
23.Nc4 Ng6 24.Qe4 Rd5 25.Rdb1 b6 26.Rb4 Qd7 27.Nd6 Bb7 28.Qe3 Ra5 29.a4 Ne7
30.Qd2 Nc6 31.Bb5 a6 32.Bxc6 Bxc6 33.Rxb6 Rxb6 34.Qxa5 Qd8 35.Qe1 a5 36.Rc1 Qg5
37.g3 Qg4 38.Nc8 Be4 39.Nxb6 Qf3 40.Kf1 Bd3+ 41.Kg1 Be4 42.Kf1 Qh1+ 43.Ke2 Qf3+
44.Kf1  1/2-1/2

[Event "71st ch-ARM"]
[Site "Yerevan ARM"]
[Date "2011.01.23"]
[Round "6"]
[White "Kotanjian,T"]
[Black "Anastasian,A"]
[Result "1-0"]
[WhiteElo "2519"]
[BlackElo "2578"]

1.d4 Nf6 2.c4 e6 3.Nc3 Bb4 4.Qc2 O-O 5.a3 Bxc3+ 6.Qxc3 b6 7.Bg5 c5 8.dxc5 bxc5
9.e3 Nc6 10.Bd3 Rb8 11.Ne2 h6 12.Bh4 d5 13.cxd5 Qxd5 14.O-O-O Qh5 15.Bxf6 gxf6
16.Qxf6 Ne5 17.Ng3 Qg5 18.Qxg5+ hxg5 19.Ne4 c4 20.Be2 Bb7 21.Nc3 g4 22.f4 gxf3
23.gxf3 Kg7 24.Rhg1+ Kf6 25.f4 Nf3 26.Rg3 Nh4 27.e4 Ng6 28.Rf1 Rh8 29.Bxc4 Rxh2
30.f5 Ne5 31.fxe6+ Ke7 32.exf7 Rf8 33.Nd5+  1-0

[Event "Belgrade Individual 2011"]
[Site "Belgrade SRB"]
[Date "2011.01.27"]
[Round "6.17"]
[White "Rajcevic,S"]
[Black "Stamenkovic,A"]
[Result "0-1"]
[WhiteElo "2116"]
[BlackElo "2307"]

1.d4 Nf6 2.c4 e6 3.Nc3 Bb4 4.Qc2 O-O 5.a3 Bxc3+ 6.Qxc3 d5 7.Nf3 dxc4 8.Qxc4 b6
9.Bg5 Ba6 10.Qc2 Nbd7 11.e3 Bxf1 12.Kxf1 c5 13.Ke2 cxd4 14.exd4 h6 15.Bd2 Re8
16.Rhd1 Qb8 17.Bc3 Nd5 18.Kf1 Qb7 19.Qe2 Nf4 20.Qe3 Qa6+ 21.Kg1 Ne2+ 22.Kh1 Nxc3
23.Qxc3 Nf6 24.Rac1 Rac8 25.Qd2 Qb5 26.b4 Red8 27.h3 Qd5 28.Qe3 Qa2 29.Ne5 Qd5
30.Nf3 Ne4 31.Kg1 Nd6 32.Rxc8 Rxc8 33.Rc1 Rxc1+ 34.Qxc1 Nc4 35.a4 a6 36.a5 b5
37.Qc3 f6 38.Qc2 Qd6 39.Qe4 Qd5 40.Qg6 Nd6 41.Qg3 g5 42.h4 Kg7 43.h5 Kf7
44.Qg4 Qc4 45.Kh2 Qxb4 46.Ng1 Qxa5 47.d5  0-1

[Event "TCh-CAT Div Hon"]
[Site "Barcelona ESP"]
[Date "2011.01.29"]
[Round "1"]
[White "Dominguez Pons,E"]
[Black "Baches Garcia,G"]
[Result "1/2-1/2"]
[WhiteElo "2313"]
[BlackElo "2379"]

1.d4 Nf6 2.c4 e6 3.Nc3 Bb4 4.Qc2 O-O 5.e4 d5 6.e5 Ne4 7.Bd3 c5 8.Ne2 cxd4
9.Nxd4 f5 10.exf6 Nxf6 11.cxd5 exd5  1/2-1/2

[Event "Frauenbundesliga 1st Div 2010-11"]
[Site "Germany GER"]
[Date "2011.01.29"]
[Round "6.1"]
[White "Vasilevich,T"]
[Black "Socko,M"]
[Result "1/2-1/2"]
[WhiteElo "2417"]
[BlackElo "2495"]

1.d4 Nf6 2.c4 e6 3.Nc3 Bb4 4.Qc2 O-O 5.a3 Bxc3+ 6.Qxc3 d6 7.Bg5 Nbd7 8.e3 b6
9.Ne2 c5 10.Rd1 Ba6 11.dxc5 Nxc5 12.Bxf6 Qxf6 13.Qxf6 gxf6 14.Nc3 f5 15.f3 Rfd8
16.g4 Bb7 17.Be2 fxg4 18.Rg1 Kf8 19.Rxg4 Nb3 20.Rh4 Ke7 21.Kf2 Rac8 22.Rxh7 Ba6
23.Rh4 Rh8 24.Rxh8 Rxh8 25.Kg3 Rg8+ 26.Kf2 Rh8 27.Kg3 Rg8+ 28.Kf2 Rh8  1/2-1/2

[Event "33rd Bulgarian Open"]
[Site "Plovdiv BUL"]
[Date "2011.01.31"]
[Round "2.12"]
[White "Miron,L"]
[Black "Dimitrov,M"]
[Result "1-0"]
[WhiteElo "2509"]
[BlackElo "2087"]

1.d4 Nf6 2.c4 e6 3.Nc3 Bb4 4.Qc2 O-O 5.e4 c5 6.e5 Ne8 7.a3 Bxc3+ 8.bxc3 d6
9.Nf3 Nc6 10.Bd3 f5 11.exf6 Nxf6 12.O-O e5 13.dxc5 dxc5 14.Re1 Qc7 15.Bg5 Bg4
16.Nd2 Rae8 17.Re3 Kh8 18.Rae1 Be6 19.h3 Bg8 20.Nf3 e4 21.Bxe4 Nxe4 22.Rxe4 Rxe4
23.Qxe4 Qf7 24.Be3 Re8 25.Qd5 Qxd5 26.cxd5 Bxd5 27.Bxc5 Rxe1+ 28.Nxe1 Kg8
29.f4 Kf7 30.Kf2 Ke6 31.Nc2 h5 32.g4 hxg4 33.hxg4 g6 34.Ne3 Be4 35.Kg3 b6
36.Bd4 Ne7 37.c4 Nc6 38.Bc3 a6 39.Kh4 b5 40.Kg5 bxc4 41.f5+ gxf5 42.gxf5+ Kd6
43.Nxc4+ Kc5 44.Ne3 Bb1 45.f6 Nd8 46.Kf4 Ba2 47.Bb4+ Kc6 48.Ke5 Nf7+ 49.Kd4 Ng5
50.Be7 Nf7 51.Nc2 a5 52.Ne3 Kb5 53.Nd1 Be6 54.Nc3+ Ka6 55.Kc5 Bb3 56.Ne2 Ng5
57.Kc6 Nf7 58.Nd4 Bc4 59.Kc5 Ba2 60.Nc6 Be6 61.Bd6 a4 62.Nd4 Bd7 63.Bf4 Kb7
64.Nb5 Be8 65.Nc3 Kc8 66.Kd5 Kb7 67.Ke6 Nh8 68.Ke7 Bh5 69.Be3 Ng6+ 70.Kd6 Nh4
71.Bc5 Nf5+ 72.Ke6 Kc6 73.Kxf5 Kxc5 74.Ke6 Kc4 75.Nxa4 Kb3 76.Nc5+ Kxa3 77.Ke7  1-0

[Event "25th MGU Open"]
[Site "Sofia BUL"]
[Date "2011.02.06"]
[Round "5.5"]
[White "Kalchev,Sa"]
[Black "Petrov,Vl5"]
[Result "0-1"]
[WhiteElo "1682"]
[BlackElo "1786"]

1.d4 Nf6 2.c4 e6 3.Nc3 Bb4 4.Qc2 O-O 5.a3 Bxc3+ 6.Qxc3 b6 7.Nf3 Bb7 8.g3 d6
9.Bg2 Nbd7 10.O-O Ne4 11.Qc2 Rb8 12.b4 f5 13.Bb2 Ndf6 14.Rad1 Qe7 15.d5 exd5
16.cxd5 Nxd5 17.Nd4 Rbe8 18.Bh3 Qg5 19.Qc4 Nd2 20.Qc1 Nf4 21.Bxf5 Rxf5 22.f3 Nxe2+
23.Nxe2 Rxe2 24.Qxc7 Qe3+ 25.Kh1 Bxf3+  0-1

[Event "Aeroflot Open B"]
[Site "Moscow RUS"]
[Date "2011.02.08"]
[Round "1"]
[White "Romanko,M"]
[Black "Pavlov,S2"]
[Result "1/2-1/2"]
[WhiteElo "2404"]
[BlackElo "2530"]

1.d4 Nf6 2.c4 e6 3.Nc3 Bb4 4.Qc2 O-O 5.a3 Bxc3+ 6.Qxc3 b5 7.cxb5 c6 8.bxc6 Nxc6
9.Bg5 h6 10.Bxf6 Qxf6 11.e3 Bb7 12.Nf3 Rfc8 13.Be2 Qg6 14.Qd3 Qxg2 15.Rg1 Qh3
16.Rg3 Qf5 17.Qxf5 exf5 18.Bd3 Ne7 19.Kd2 a5 20.Ne5 d6 21.Nc4 Ra6 22.b3 Be4
23.Rgg1 a4 24.Rgb1 Bxd3 25.Kxd3 Rac6 26.Nd2 Rc3+ 27.Ke2 f4 28.bxa4 fxe3 29.fxe3 Nf5
30.Nf1 Nxe3 31.Nxe3 Re8 32.Kd2 Rcxe3 33.a5 Re2+ 34.Kd3 d5 35.Rb8 Re3+ 36.Kd2 Re2+
37.Kd3 Re3+ 38.Kd2 Re2+ 39.Kd3  1/2-1/2

[Event "ch-TUR"]
[Site "Kemer-Antalya TUR"]
[Date "2011.02.10"]
[Round "7.9"]
[White "Sipahioglu,I"]
[Black "Secer,A"]
[Result "0-1"]
[WhiteElo "2100"]
[BlackElo "2346"]

1.d4 Nf6 2.c4 e6 3.Nc3 Bb4 4.Qc2 O-O 5.a3 Bxc3+ 6.Qxc3 b6 7.Bg5 Bb7 8.f3 d5
9.e3 h6 10.Bh4 Nbd7 11.cxd5 Nxd5 12.Bxd8 Nxc3 13.Bh4 Nd5 14.Bf2 c5 15.e4 Ne7
16.Bb5 Rfd8 17.Ne2 cxd4 18.Bxd4 f5 19.Bc4 Nf8 20.exf5 Nxf5 21.Rd1 Rac8 22.Bb3 Kf7
23.Bf2 Rxd1+ 24.Kxd1 g5 25.Re1 Bd5 26.Bc2 Ng6 27.Nc3 Bc4 28.g3 Rc7 29.Kd2 Nge7
30.b3 Ba6 31.Be4 Nd6 32.Bd4 Rd7 33.Kc2 Nxe4 34.Rxe4 Bb7 35.Be5 Bxe4+ 36.Nxe4 Nc6
37.Bc3 Nd4+ 38.Bxd4 Rxd4 39.Nf2 h5 40.Nd3 Kf6 41.Kc3 e5 42.f4 gxf4 43.gxf4 Rxf4
44.Nxf4 exf4 45.Kd4 Kf5 46.h3 h4 47.Kd3 Ke5 48.Ke2 Ke4 49.Kf2 f3  0-1

[Event "TCh-CAT Div Hon"]
[Site "Barcelona ESP"]
[Date "2011.02.12"]
[Round "3"]
[White "Hernandez Casillas,Juan Jose"]
[Black "Travesset Ribera,D"]
[Result "0-1"]
[WhiteElo "1800"]
[BlackElo "2164"]

1.d4 Nf6 2.c4 e6 3.Nc3 Bb4 4.Qc2 O-O 5.a3 Bxc3+ 6.Qxc3 b6 7.Nf3 Bb7 8.g3 d6
9.Bg2 Nbd7 10.O-O Qe7 11.b4 Rac8 12.Bb2 c5 13.dxc5 bxc5 14.b5 d5 15.cxd5 exd5
16.e3 Nb6 17.a4 Nc4 18.Bc1 Ne4 19.Qc2 Rfd8 20.Rb1 Ned6 21.Nd2 Ne5 22.Qb3 d4
23.exd4 cxd4 24.Bb2 Bxg2 25.Kxg2 Qb7+ 26.f3 Ndc4 27.Nxc4 Nxc4 28.Rf2 Qd5
29.Qd3 h6 30.Kg1 Nxb2 31.Rbxb2 Rc1+ 32.Kg2 Rc3 33.Qd2 Rdc8 34.a5 Rb8 35.Qf4 Rxb5
36.Rxb5 Qxb5 37.Qxd4 Qxa5 38.Rb2 Rc8 39.Qd7 Rd8 40.Qb7 Rd2+ 41.Rxd2 Qxd2+
42.Kh3 Qd3 43.Kg2 a6 44.f4 Qe2+ 45.Kg1 Qe1+ 46.Kg2 Qe2+ 47.Kg1 Qb5 48.Qc8+ Kh7
49.Qc2+ g6 50.Qc7 Qb1+ 51.Kg2 Qa2+ 52.Kg1 a5 53.Qe5 a4 54.f5 Qb1+ 55.Kg2 Qc2+
56.Kg1 Qxf5  0-1

[Event "ch-ROU Women"]
[Site "Sarata Monteoru ROU"]
[Date "2011.02.12"]
[Round "1.11"]
[White "Cusmuliuc,D"]
[Black "Padurariu,I"]
[Result "0-1"]
[WhiteElo "1693"]
[BlackElo "2160"]

1.d4 Nf6 2.c4 e6 3.Nc3 Bb4 4.Qc2 O-O 5.Nf3 d5 6.Bg5 dxc4 7.e4 h6 8.Bxf6 Qxf6
9.Bxc4 c5 10.dxc5 Nd7 11.c6 Nb6 12.cxb7 Bxb7 13.Bd3 Rac8 14.Rc1 Rc7 15.Qb3 Bxc3+
16.Rxc3 Rxc3 17.Qxc3 Qxc3+ 18.bxc3 Na4 19.c4 Nc3 20.a3 Rd8 21.Kd2 Nxe4+ 22.Ke3 Rxd3+
23.Kxd3 Nxf2+ 24.Ke2 Nxh1 25.Kf1 Bxf3 26.gxf3 Kf8 27.Kg2 Ke7 28.Kxh1 Kd6
29.Kg2 Kc5  0-1

[Event "ch-Poltava"]
[Site "Lubny UKR"]
[Date "2011.02.19"]
[Round "1"]
[White "Shemeakin,A"]
[Black "Scherbov,Grigory"]
[Result "1/2-1/2"]
[WhiteElo "2314"]
[BlackElo "2322"]

1.d4 Nf6 2.c4 e6 3.Nc3 Bb4 4.Qc2 O-O 5.a3 Bxc3+ 6.Qxc3 b6 7.Bg5 h6 8.Bh4 Bb7
9.e3 d6 10.f3 c5 11.Ne2 Nbd7 12.Qc2 Re8 13.Rd1 cxd4 14.Rxd4  1/2-1/2

[Event "TCh-HUN 2010-11"]
[Site "Kazincbarcika HUN"]
[Date "2011.02.20"]
[Round "6"]
[White "Varga,P1"]
[Black "Acs,Peter"]
[Result "1/2-1/2"]
[WhiteElo "2411"]
[BlackElo "2601"]

1.d4 Nf6 2.c4 e6 3.Nc3 Bb4 4.Qc2 O-O 5.a3 Bxc3+ 6.Qxc3 d6 7.g3 e5 8.dxe5 dxe5
9.Bg2 Nc6 10.Bg5 Nd4 11.e3 Qe7 12.Bxf6 gxf6 13.Ne2 Nxe2 14.Kxe2 Bg4+ 15.Bf3 Qe6
16.Rhd1 Rfd8 17.h4 Rd7 18.Rxd7 Qxd7 19.Bxg4 Qxg4+ 20.Ke1 Rd8 21.Qc2 Kg7 22.b3 f5
23.Rd1 Rxd1+ 24.Qxd1 Qxd1+ 25.Kxd1 f4 26.exf4 exf4 27.g4 Kf6 28.Ke2 Ke5 29.Kd3 a5
30.b4 b6 31.g5 c5 32.bxc5 bxc5 33.a4 Kf5 34.f3 Ke5 35.Kc3 Ke6 36.Kd2 Ke5
37.Kc3 Ke6 38.Kd2 f6 39.gxf6 Kxf6 40.Kd3 Kf5 41.Kd2 Kg6 42.Kd3 Kf5  1/2-1/2

[Event "9th TCh-IND w 2011"]
[Site "Kochi IND"]
[Date "2011.02.22"]
[Round "1"]
[White "Mohota,N"]
[Black "Pammi,R"]
[Result "1-0"]
[WhiteElo "2326"]
[BlackElo "1628"]

1.d4 Nf6 2.c4 e6 3.Nc3 Bb4 4.Qc2 O-O 5.e4 d5 6.e5 Ne8 7.Nf3 c6 8.Bd3 g6 9.h4 Ng7
10.Bh6 Re8 11.g4 Be7 12.h5 f5 13.exf6 Bxf6 14.hxg6 hxg6 15.Bxg6 Re7 16.g5  1-0

[Event "e2e4.org.uk Brighton Masters B"]
[Site "Brighton ENG"]
[Date "2011.02.24"]
[Round "3"]
[White "Tozer,R"]
[Black "Gormally,D"]
[Result "0-1"]
[WhiteElo "2298"]
[BlackElo "2484"]

1.d4 Nf6 2.c4 e6 3.Nc3 Bb4 4.Qc2 O-O 5.a3 Bxc3+ 6.Qxc3 b5 7.cxb5 c6 8.Bg5 cxb5
9.e3 Bb7 10.Nf3 h6 11.Bxf6 Qxf6 12.Be2 Rc8 13.Qd3 a6 14.O-O Nc6 15.b4 d6
16.d5 Ne5 17.Nxe5 dxe5 18.d6 e4 19.Qd2 Rd8 20.a4 Qe5 21.Rfd1 Rab8 22.axb5 axb5
23.Qd4 Qxd4 24.Rxd4 Bd5 25.Ra6 f5 26.f3 Kf7 27.Kf2 Kf6 28.Rd2 exf3 29.gxf3 g5
30.Rc2 Rb7 31.f4 Rbd7 32.Bxb5 Rxd6 33.Rc7 Rxa6 34.Bxa6 Be4 35.Ke2 Rd6 36.Bc4 g4
37.Ke1 h5 38.Rh7 Rc6 39.Be2 Kg6 40.Re7 Rc1+ 41.Kd2 Rh1 42.Rxe6+ Kf7 43.Bc4 Rxh2+
44.Ke1 Kf8 45.b5 g3 46.Rg6 h4 47.Bf1 Rh1 48.Ke2 Rxf1 49.Kxf1 h3  0-1

[Event "27th Open"]
[Site "Cappelle la Grande FRA"]
[Date "2011.03.01"]
[Round "5.16"]
[White "Vernay,C"]
[Black "Kravtsiv,M"]
[Result "1/2-1/2"]
[WhiteElo "2446"]
[BlackElo "2566"]

1.d4 Nf6 2.c4 e6 3.Nc3 Bb4 4.Qc2 O-O 5.e4 d5 6.e5 Ne4 7.Bd3 c5 8.Ne2 cxd4
9.Nxd4 Nd7 10.Bf4 Qh4 11.g3 Qh3 12.cxd5 exd5 13.f3 Bxc3+ 14.bxc3 Nec5 15.Bf5 Qh5
16.Bg4 Qg6 17.Bf5 Qh5 18.Bg4 Qg6 19.Bf5  1/2-1/2

[Event "27th Open"]
[Site "Cappelle la Grande FRA"]
[Date "2011.03.02"]
[Round "6.35"]
[White "Kudzma,L"]
[Black "Zakhartsov,Vi"]
[Result "1/2-1/2"]
[WhiteElo "2232"]
[BlackElo "2602"]

1.d4 Nf6 2.c4 e6 3.Nc3 Bb4 4.Qc2 O-O 5.Nf3 c5 6.dxc5 Na6 7.e3 Nxc5 8.Bd2 b6
9.Be2 Bb7 10.O-O Qe7 11.a3 Bxc3 12.Bxc3 Nfe4 13.b4 Nxc3 14.Qxc3 Ne4 15.Qd4 d6
16.Nd2 Nxd2 17.Qxd2 Qg5 18.f3 Rfd8 19.Rfd1 d5 20.cxd5 Rxd5 21.Qc3 Rc8 22.Rxd5 Qxd5
23.Qb2 Qg5 24.Qd2 Rd8 25.Qc3 Rc8 26.Qd2 Rd8 27.Qc3 Rc8  1/2-1/2